000 01521nam a2200421 i 4500
001 139676
003 FINmELB
005 20241217181320.0
006 m o d |
007 cr cnu||||||||
008 210604s2016 ck o 000 0 spa d
020 _z9789587631852
035 _a(OCoLC)1257035228
040 _aFINmELB
_bspa
_erda
_cFINmELB
050 4 _aBD241
_b.E875 2016
080 _a1
082 0 4 _a101
_223
100 1 _aEspinel Bernal ,Óscar,
_eautor.
245 1 0 _aPensar a la imterperie :
_bensayos filosóficos /
_cÓscar Orlando Espinel Bernal.
264 1 _aBogotá D.C. :
_bUniminuto,
_c2016.
300 _a1 recurso en línea (185 páginas)
336 _atexto
_btxt
_2rdacontent/spa
337 _acomputadora
_bc
_2rdamedia/spa
338 _arecurso en línea
_bcr
_2rdacarrier/spa
505 0 _aÉtica, filosofía y sociedad 2. Violencia, representación y memoria.
588 _aDescripción basada en metadatos suministrados por el editor y otras fuentes.
590 _aRecurso electrónico. Santa Fe, Arg.: elibro, 2021. Disponible vía World Wide Web. El acceso puede estar limitado para las bibliotecas afiliadas a elibro.
650 0 _aPhilosophy.
650 0 _aEssay.
650 4 _aFilosofía.
650 4 _aEnsayos.
655 4 _aLibros electrónicos.
797 2 _aelibro, Corp.
856 4 0 _uhttps://elibro.net/ereader/politecnicointernacional/127354
999 _c139676
_d139676